Αρριανού των Επικτήτου διατριβών : βιβλία τέσσαρα
Αποθηκεύτηκε σε:
| Κύριοι συγγραφείς: | , |
|---|---|
| Μορφή: | Βιβλίο |
| Γλώσσα: | Greek |
| Δημοσίευση: |
Εν Παρισίοις :
Εκ της τυπογραφίας Κ. Εβεράρτου, F. Didot,
1827.
|
| Θέματα: | |
| Ετικέτες: |
Προσθήκη ετικέτας
Δεν υπάρχουν, Καταχωρήστε ετικέτα πρώτοι!
|
MARC
| LEADER | 00000cam a2200000 i 4500 | ||
|---|---|---|---|
| 001 | 1/60314 | ||
| 008 | 141126s1827 fr | ||| |||| ||gre|| | ||
| 035 | |l 10119851 | ||
| 040 | |a GR-MyUA |b gre |e AACR2 | ||
| 041 | 0 | |a gre | |
| 082 | 0 | |a 188 |2 (23) | |
| 100 | 0 | |a Επίκτητος, |d π. 50-π. 130. | |
| 245 | 1 | 0 | |a Αρριανού των Επικτήτου διατριβών : |b βιβλία τέσσαρα / |c εκδόντος και διορθώσαντος Α. Κ.[οραή]. |
| 260 | |a Εν Παρισίοις : |b Εκ της τυπογραφίας Κ. Εβεράρτου, |b F. Didot, |c 1827. | ||
| 300 | |a 2τ. σε 1 (ξδ 232 σ., μ, [233]-548 [1] σ.) ; |c 21 εκ. | ||
| 500 | |a Στο recto σφραγίδα "Πορφυριάς Αστκή Σχολή Καρλοβασίων" με αρ. 557. | ||
| 600 | 0 | 0 | |a Επίκτητος, |d π. 50-π. 130. |
| 650 | 0 | 0 | |a Stoics. |
| 650 | 0 | 0 | |a Philosophy, Ancient. |
| 700 | 0 | |a Αρριανός, |d π. 95-π. 175, |e aut | |
| 700 | 1 | |a Κοραής, Αδαμάντιος, |d 1748-1833, |e pbl | |
| 852 | |a INST |b SAMOS |c PORFYRIADA |e 20141126 |h 188 ΕΠΙ |p 005300040797 |q 005300040797 |t NOLOAN |y 23 | ||
| 901 | |a BIBL3-2014-3 | ||
| 909 | |a Σ |b 185401 | ||
| 970 | |a ΚΟΣΙΕΡΗΣ |b ΧΡΗΣΤΟΣ |z 2014/11/26 | ||